School education statistics in the Asia -Pacific region-.

Shranjeno v:
Bibliografske podrobnosti
Korporativna značnica: Asia-Pacific Economic Cooperation Secretariat (APEC)
Format: Knjiga
Jezik:španščina
Teme:
Oznake: Označite
Brez oznak, prvi označite!

MARC

LEADER 00000cam^a2200000uu^4500
001 000483141
005 20250521000000.0
008 050901s1994^^^^^^^^^^^^rd^r^^000^0^spa^d
009 20260310125105.452
035 |a FCE 000026191 
035 |a FCE 017272 
037 |a Acervo ITESO - Biblioteca 
041 |a spa 
082 0 4 |a 370.5  |b APEs 
110 |a Asia-Pacific Economic Cooperation Secretariat (APEC) 
245 1 0 |a School education statistics in the Asia -Pacific region-. 
264 |a Australia :  |b APEC,  |c 1994. 
300 |a 49 p. 
336 |a texto  |b txt  |2 rdacontenido 
337 |a sin mediación  |b n  |2 rdamedio 
338 |a volumen  |b nc  |2 rdasoporte 
649 |a XX 
650 |a Estadísticas educativas 
650 |a Sistema educativo 
650 |a Matrícula 
650 |a Políticas de educación 
650 |a Estados Unidos 
650 |a China 
650 |a Canadá 
650 |a Tailandia 
650 |a Malasia 
650 |a Japón 
650 |a Asia 
650 |a Corea 
650 |a Australia 
650 |a Filipinas 
650 |a Hong kong 
910 |a Fondo Centro de Estudios Educativos 
920 |a Impresos - Libros 
930 |a Fondos Especiales 
905 |a 133 
901 |a ALE017272  |b IT2  |c CEE  |u 20250521 
902 |a https://opac.biblio.iteso.mx/vufind/Record/000483141